Kouzelná flétna 2 melodie z animovaných filmů pro zobcové flétny /

Other Authors: Bárta, Dalibor, 1973-
Language: No linguistic content
Published: Cheb : G + W, 2014
Edition: 1. vyd.
Subjects:
Physical Description: 1 partitura (41 s.) ; 30 cm + 1 CD
Musical Score Musical Score
Saved in:
LEADER 03150ncm a2200817 a 4500
001 nkc20152681955
003 CZ PrNK
005 20190802111034.0
007 qu
008 150327s2014 xr mpg g nn c zxx
015 |a cnb002681955 
024 2 |a 979-0-706509-96-9  |q (brož.)  |z 979-0706509-96-9 
040 |a ABA001  |b cze 
041 0 |g cze 
043 |a e-xr--- 
045 |a x-y- 
048 |a wh01 
048 |a wh02 
072 7 |a 788  |x Hudba pro dechové nástroje  |2 Konspekt  |9 9 
080 |a 78:7.097  |2 MRF 
080 |a 791.228  |2 MRF 
080 |a 78.083  |2 MRF 
080 |a 785.72  |2 MRF 
080 |a 785.7  |2 MRF 
080 |a 78.088  |2 MRF 
080 |a 78.089.6  |2 MRF 
080 |a (075)78  |2 MRF 
080 |a (072)  |2 MRF 
245 0 0 |a Kouzelná flétna 2  |h [hudebnina] :  |b melodie z animovaných filmů pro zobcové flétny /  |c Dalibor Bárta 
250 |a 1. vyd. 
260 |a Cheb :  |b G + W,  |c 2014 
300 |a 1 partitura (41 s.) ;  |c 30 cm +  |e 1 CD 
382 0 1 |a sopránová zobcová flétna  |n 1  |s 1 
382 0 1 |a sopránová zobcová flétna  |n 2  |s 2 
500 |a Doprovody nahrané na přiloženém CD 
505 0 |a Mach a Šebestová -- Bob a Bobek -- Maková panenka -- Maxipes Fík -- Z mechu a kapradí -- Pat a Mat -- Sazinka -- Víla Amálka -- Káťa a Škubánek -- Rákosníček -- Rákosníček a hvězdy -- Broučci 
630 0 7 |a Večerníček  |7 unn2006375331  |2 czenas 
648 7 |a 20.-21. století  |7 ch462155  |2 czenas 
650 0 7 |a televizní hudba  |7 ph538791  |z Česko  |y 20.-21. století  |2 czenas 
650 0 7 |a animované filmy  |7 ph118468  |x hudba, úpravy  |2 czenas 
650 0 7 |a drobné skladby  |7 ph321708  |2 czenas 
650 0 7 |a dua  |7 ph254871  |2 czenas 
650 0 7 |a komorní hudba  |7 ph121752  |2 czenas 
650 0 9 |a television music  |z Czechia  |y 20th-21st centuries  |2 eczenas 
650 0 9 |a animated films  |x music, arrangement  |2 eczenas 
650 0 9 |a small music pieces  |2 eczenas 
650 0 9 |a duos  |2 eczenas 
650 0 9 |a chamber music  |2 eczenas 
655 7 |a televizní hudba  |7 fd1023756  |2 czenas 
655 7 |a drobné skladby  |7 fd980066  |2 czenas 
655 7 |a dua  |7 fd979995  |2 czenas 
655 7 |a aranžmá (hudba)  |7 fd980034  |2 czenas 
655 7 |a partitury pro sólový nástroj  |7 fd201979  |2 czenas 
655 7 |a učebnice hudebních škol  |7 fd201986  |2 czenas 
655 7 |a učební pomůcky  |7 fd133775  |2 czenas 
655 9 |a television music  |2 eczenas 
655 9 |a small music pieces  |2 eczenas 
655 9 |a duos  |2 eczenas 
655 9 |a arrangement (music)  |2 eczenas 
655 9 |a scores for solo instrument  |2 eczenas 
655 9 |a textbooks (music schools)  |2 eczenas 
655 9 |a teaching aids  |2 eczenas 
700 1 |a Bárta, Dalibor,  |d 1973-  |7 pna2008444493  |4 arr  |4 com 
910 2 |a BOA001  |b Mus4-1349.645 
990 |a MU 
995 |a 01 
991 |b 201508  |c NOV 
925 |a sopránová zobcová flétna  |b sRec 
925 |a sopránová zobcová flétna (2)  |b sRec (2) 
996 6 |b 2610638080  |c Mus4-1349.645  |l MZK  |r Sklad / do 1 hodiny  |n 0  |p p.v.  |w 001511225  |u 000010  |a 1  |e BOA001  |j MZK50  |s P 
996 7 |b 2610638087  |c Mus4-1349.645  |l MZK  |r Sklad / do 1 hodiny  |n 9  |p kup  |w 001511225  |u 000020  |a 1  |e BOA001  |j MZK50  |s A